000 00781 a2200217 4500
999 _c694
_d694
020 _a013340076X
050 0 0 _aLB 1115 TRA 2003
100 2 _aTrawick-Smith, Jeffrey W.
_eAuthor
245 1 0 _aEarly childhood development :
_ba multicultural perspective /
_cJeffrey Trawick-Smith.
264 _aNew Jersey:
_bPrentice-Hall Inc,
_c1997
300 _axvii, 600p. :
_bill.
500 _aIncludes bibliographical references and index.
504 _aIncludes bibliographical references and index.
650 0 _aChild development.
650 0 _aEarly childhood education.
650 0 _aMulticultural education.
650 0 _aCognition in children.
650 0 _aObservation (Educational method)
650 0 _aChildren with disabilities
_xEducation.
942 _2lcc
_cBK
_h1115
_iTRA
_kLB